| 000 | 00808nam a2200241 a 4500 | ||
|---|---|---|---|
| 001 | 40483 | ||
| 003 | BD-RjUL | ||
| 005 | 20211209053226.0 | ||
| 008 | 160503s1993 bg ||||| |||| 00| 0 ben d | ||
| 020 | _c: Tk.45.00 | ||
| 035 | _a(BD-RjUL)40598 | ||
| 040 |
_aBD-RjUL _bben _cBD-RjUL |
||
| 041 | _aben | ||
| 082 |
_223 _a294.592 _bRAI 1993 |
||
| 100 |
_aকানাইলাল, রায় _9124689 |
||
| 245 | 1 | 0 |
_aঈশোপনিষদ / _cকানাইলাল রায় |
| 260 |
_aঢাকা : _bবাংলা একাডেমী, _c১৯৯৩. |
||
| 300 |
_a[৯], ৬৩ পৃ. ; _c২১ সেমি. |
||
| 504 | _aগ্রন্থপংঞ্জি সংযুক্ত | ||
| 650 |
_aঈশোপনিষদ _9124690 |
||
| 650 |
_aIshopanishad _9124691 |
||
| 942 |
_2ddc _cBK |
||
| 999 |
_c40483 _d40483 |
||